Wirtschaftlich stärkste Staaten der Welt - Statistiken

Allgemein
  • Dieses Quiz wurde 884 mal gespielt
  • Das Durchschnittsergebnis liegt bei 24 aus 30
Antwortstatistiken
BIP (Mio. US-Dollar) Land % Korrekt
3.861.550 Deutschland
100%
21.433.255 Vereinigte Staaten
100%
14.731.806 China
99%
2.715.818 Frankreich
97%
5.079.916 Japan
97%
1.702.496 Russland
95%
2.001.466 Italien
94%
1.736.426 Kanada
93%
1.394.270 Spanien
93%
1.839.077 Brasilien
92%
2.868.930 Indien
92%
2.830.764 Vereinigtes Königreich
90%
1.258.206 Mexiko
87%
1.387.085 Australien
85%
592.401 Polen
81%
1.646.739 Südkorea
79%
444.458 Argentinien
77%
792.967 Saudi-Arabien
76%
530.884 Schweden
76%
704.825 Schweiz
74%
907.151 Niederlande
73%
760.940 Türkei
73%
1.120.141 Indonesien
69%
529.665 Belgien
66%
446.309 Österreich
66%
583.698 Iran
59%
543.564 Thailand
57%
421.142 Vereinigte Arabische Emirate
46%
610.692 Taiwan
40%
448.120 Nigeria
29%
Keine übereinstimmenden Quizze gefunden
Verteilung der Resultate
Anzahl Personen mit jedem Resultat
Perzentil nach korrekt beantworteten Fragen
Ihre Resultats-Entwicklung
Sie haben dieses Quiz noch nicht gespielt